Agile systems engineering / (Record no. 21691)
[ view plain ]
| 000 -LEADER | |
|---|---|
| fixed length control field | 01349cam a22002535a 4500 |
| 001 - CONTROL NUMBER | |
| control field | 017472734 |
| 003 - CONTROL NUMBER IDENTIFIER | |
| control field | OSt |
| 005 - DATE AND TIME OF LATEST TRANSACTION | |
| control field | 20160503143643.0 |
| 008 - FIXED-LENGTH DATA ELEMENTS--GENERAL INFORMATION | |
| fixed length control field | 150727t2016 maua frb 000|0 eng d |
| 020 ## - INTERNATIONAL STANDARD BOOK NUMBER | |
| Cancelled/invalid ISBN | 9780128021200 (pbk.) |
| 040 ## - CATALOGING SOURCE | |
| Original cataloging agency | StDuBDS |
| Language of cataloging | eng |
| Transcribing agency | StDuBDS |
| Modifying agency | Uk |
| -- | EG-ScBUE |
| Description conventions | pn |
| 082 04 - DEWEY DECIMAL CLASSIFICATION NUMBER | |
| Classification number | 620.001171 |
| Edition number | 22 |
| Item number | DOU |
| 100 1# - MAIN ENTRY--PERSONAL NAME | |
| Personal name | Douglass, Bruce Powel. |
| 9 (RLIN) | 34948 |
| 245 10 - TITLE STATEMENT | |
| Title | Agile systems engineering / |
| Statement of responsibility, etc | Bruce Powel Douglass. |
| 260 ## - PUBLICATION, DISTRIBUTION, ETC. (IMPRINT) | |
| Place of publication, distribution, etc | Waltham : |
| Name of publisher, distributor, etc | Morgan Kaufmann / Elsevier, |
| Date of publication, distribution, etc | c.2016. |
| 300 ## - PHYSICAL DESCRIPTION | |
| Extent | xxi, 429 p. : |
| Other physical details | ill. ; |
| Dimensions | 24 cm. |
| 500 ## - GENERAL NOTE | |
| General note | Index : p. 419-429. |
| 504 ## - BIBLIOGRAPHY, ETC. NOTE | |
| Bibliography, etc | Includes bibliographical references. |
| 505 0# - FORMATTED CONTENTS NOTE | |
| Formatted contents note | <ol> <ol><li>What is Model-Based Systems Engineering?</li> <p><li>What are Agile Methods and Why Should I Care? </li> <p><li>The importance of Agile methods</li> <p><li>Agile Stakeholder Requirements Engineering</li> <p><li>Agile Systems Requirements Definition and Analysis</li> <p><li>System Architectural Analysis and Trade Studies</li> <p><li>Agile Systems Architectural Design</li> <p><li>The Handoff to Downstream Engineering</li></ol> <p>Appendix A. T-Wrecks Stakeholder Requirements</p> <p>Appendix B. T-Wrecks System Requirements</p> <ol></ol></ol> |
| 650 #7 - SUBJECT ADDED ENTRY--TOPICAL TERM | |
| Topical term or geographic name as entry element | Systems engineering. |
| Source of heading or term | BUEsh |
| 9 (RLIN) | 3798 |
| 650 #7 - SUBJECT ADDED ENTRY--TOPICAL TERM | |
| Topical term or geographic name as entry element | Agile software development. |
| Source of heading or term | BUEsh |
| 9 (RLIN) | 4807 |
| 653 ## - INDEX TERM--UNCONTROLLED | |
| Resource For college | Informatics and Computer Science |
| Arrived date list | May2016 |
| 942 ## - ADDED ENTRY ELEMENTS (KOHA) | |
| Source of classification or shelving scheme | Dewey Decimal Classification |
| Withdrawn status | Item status | Source of classification or shelving scheme | Damaged status | Not for loan | Vendor | Home library | Current library | Shelving location | Date acquired | Source of acquisition | Cost, normal purchase price | Total Checkouts | Full call number | Barcode | Date last seen | Date last borrowed | Cost, replacement price | Koha item type |
|---|---|---|---|---|---|---|---|---|---|---|---|---|---|---|---|---|---|---|
| Dewey Decimal Classification | Alahram | Central Library | Central Library | First floor | 03/05/2016 | Purchase | 561.00 | 1 | 620.001171 DOU | 000032417 | 15/07/2025 | 07/10/2023 | 701.25 | Book - Borrowing |